| 000 | 00468nam a22001697a 4500 | ||
|---|---|---|---|
| 003 | OSt | ||
| 008 | 241025b |||||||| |||| 00| 0 eng d | ||
| 082 |
_a633.7106 _bC27A |
||
| 100 | _aCentral Tobacco Research Institute | ||
| 245 | _aAnnual Report, 2009 - 10 | ||
| 260 |
_a.- Rajahmundry, Andhra Pradesh _b: Central Tobacco Research Institute _c, 2010 |
||
| 300 | _a118p. | ||
| 650 | _aAnnual Report | ||
| 650 | _aTobacco | ||
| 650 | _aRajahmundry | ||
| 942 |
_2ddc _cRP |
||
| 999 |
_c46702 _d46702 |
||